[Event "Campo Grande op"]
[Site "Campo Grande"]
[Date "2013.10.12"]
[Round "3"]
[White "Cervi, Guilherme Borges"]
[Black "Arruda Filho, Ivo Pereira de"]
[Result "1/2-1/2"]
[WhiteElo "1932"]
[BlackElo "1789"]
[PlyCount "88"]
[EventDate "2013.10.11"]
[EventType "swiss"]
[EventRounds "5"]
[EventCountry "BRA"]
[SourceTitle "EXT 2014"]
[Source "ChessBase"]
[SourceDate "2013.11.20"]
[SourceVersion "1"]
[SourceVersionDate "2013.11.20"]
[SourceQuality "1"]

1. e4 c5 2. Nf3 d6 3. d4 cxd4 4. Nxd4 Nf6 5. Nc3 a6 6. Be3 e5 7. Nb3 Be6 8. f3 Be7 9. Qd2 Nbd7 10. Nd5 Bxd5 11. exd5 Rc8 12. c4 Qc7 13. Be2 0-0 14. 0-0 b6 15. Rac1 Nc5 16. Nxc5 bxc5 17. Bd3 Rb8 18. b3 Rb7 19. Qf2 Nh5 20. g3 Qd7 21. f4 exf4 22. gxf4 Qg4+ 23. Kh1 Bh4 24. Qg2 Qxg2+ 25. Kxg2 Re8 26. Rf3 Rbe7 27. Bd2 Bf6 28. Rh3 g6 29. Rf1 Bd4 30. Bc1 Be3 31. Bxe3 Rxe3 32. Rhf3 f5 33. Kf2 Rxf3+ 34. Kxf3 Nf6 35. h3 Kf7 36. Rb1 a5 37. a3 Rb8 38. Ke3 h5 39. Kd2 h4 40. Bc2 Nh5 41. Ke3 Kf6 42. Kf3 Ng7 43. Re1 Re8 44. Rb1 Rb8 1/2-1/2